[Event "Baku Chess Olympiad | Open"]
[Site "chess24.com"]
[Date "2016.09.03"]
[Round "2"]
[White "Solak, Dragan"]
[Black "Obodchuk, Andrei"]
[Result "1-0"]
[Board "1"]
[WhiteID "916811"]
[WhiteElo "2635"]
[WhiteTitle "GM"]
[WhiteCountry "TUR"]
[WhiteFideId "916811"]
[WhiteEloChange "2"]
[BlackID "4114310"]
[BlackElo "2402"]
[BlackTitle "IM"]
[BlackCountry "RUS"]
[BlackFideId "4114310"]
[BlackEloChange "-2"]

1. e4 {[%clk 1:30:50]} c5 {[%clk 1:30:49]} 2. Nf3 {[%clk 1:31:15]} Nc6 {[%clk
1:31:15]} 3. Bb5 {[%clk 1:31:25]} g6 {[%clk 1:31:02]} 4. Bxc6 {[%clk 1:29:17]}
bxc6 {[%clk 1:31:15]} 5. O-O {[%clk 1:28:47]} Bg7 {[%clk 1:31:30]} 6. Re1 {[%clk
1:22:22]} Nh6 {[%clk 1:30:56]} 7. c3 {[%clk 1:22:16]} O-O {[%clk 1:26:38]} 8. d4
{[%clk 1:22:20]} Qb6 {[%clk 1:23:16]} 9. b3 {[%clk 1:17:47]} cxd4 {[%clk
1:14:58]} 10. cxd4 {[%clk 1:17:27]} f6 {[%clk 1:12:57]} 11. Nc3 {[%clk 1:10:51]}
d6 {[%clk 1:12:35]} 12. h3 {[%clk 1:00:28]} Nf7 {[%clk 1:10:07]} 13. Bb2 {[%clk
0:59:54]} e5 {[%clk 0:40:29]} 14. Rc1 {[%clk 0:58:58]} Qa6 {[%clk 0:38:38]} 15.
Rc2 {[%clk 0:52:59]} Bd7 {[%clk 0:37:44]} 16. Bc1 {[%clk 0:42:10]} Rad8 {[%clk
0:36:38]} 17. dxe5 {[%clk 0:39:37]} dxe5 {[%clk 0:33:39]} 18. Qe2 {[%clk
0:38:02]} Qxe2 {[%clk 0:31:29]} 19. Rexe2 {[%clk 0:36:41]} Rfe8 {[%clk 0:30:44]}
20. Be3 {[%clk 0:35:31]} Ra8 {[%clk 0:25:14]} 21. Red2 {[%clk 0:30:44]} Red8
{[%clk 0:24:53]} 22. Na4 {[%clk 0:28:06]} Bf8 {[%clk 0:20:52]} 23. Bc5 {[%clk
0:21:38]} Be8 {[%clk 0:20:14]} 24. Rxd8 {[%clk 0:19:41]} Nxd8 {[%clk 0:20:29]}
25. Bxf8 {[%clk 0:19:53]} Kxf8 {[%clk 0:20:53]} 26. Nc5 {[%clk 0:20:16]} Ke7
{[%clk 0:21:08]} 27. Ne1 {[%clk 0:15:26]} Ne6 {[%clk 0:19:10]} 28. Nxe6 {[%clk
0:15:46]} Kxe6 {[%clk 0:19:36]} 29. Kf1 {[%clk 0:15:56]} Rd8 {[%clk 0:19:23]} 30.
Ke2 {[%clk 0:16:15]} Rd4 {[%clk 0:19:13]} 31. f3 {[%clk 0:16:08]} Kd7 {[%clk
0:18:03]} 32. Nd3 {[%clk 0:16:00]} Kc7 {[%clk 0:18:10]} 33. Ke3 {[%clk 0:15:56]}
Rd8 {[%clk 0:17:18]} 34. h4 {[%clk 0:14:29]} h6 {[%clk 0:13:35]} 35. g4 {[%clk
0:12:13]} g5 {[%clk 0:13:35]} 36. Rh2 {[%clk 0:12:01]} Kd6 {[%clk 0:12:18]} 37.
Kd2 {[%clk 0:05:22]} Bf7 {[%clk 0:11:07]} 38. Kc3 {[%clk 0:03:53]} Ke7 {[%clk
0:09:01]} 39. Rh1 {[%clk 0:01:36]} Rb8 {[%clk 0:07:40]} 40. hxg5 {[%clk 0:30:58]}
hxg5 {[%clk 0:38:03]} 41. Nb4 {[%clk 0:29:36]} Rc8 {[%clk 0:37:32]} 42. Nc2
{[%clk 0:28:29]} Rd8 {[%clk 0:26:38]} 43. Ne3 {[%clk 0:27:32]} Bg6 {[%clk
0:26:19]} 44. Rh2 {[%clk 0:23:43]} Ke6 {[%clk 0:24:40]} 45. b4 {[%clk 0:21:49]}
Ra8 {[%clk 0:23:08]} 46. a4 {[%clk 0:20:34]} Rd8 {[%clk 0:22:32]} 47. Rh1 {[%clk
0:18:26]} Ke7 {[%clk 0:21:53]} 48. b5 {[%clk 0:11:57]} cxb5 {[%clk 0:16:15]} 49.
axb5 {[%clk 0:12:15]} Be8 {[%clk 0:12:43]} 50. Nf5+ {[%clk 0:06:29]} Ke6 {[%clk
0:12:59]} 51. Rh8 {[%clk 0:06:10]} Kf7 {[%clk 0:05:05]} 52. Rh7+ {[%clk 0:05:52]}
Kf8 {[%clk 0:05:33]} 53. Rb7 {[%clk 0:04:29]} Rd7 {[%clk 0:04:49]} 54. Rb8 {[%clk
0:04:42]} Kf7 {[%clk 0:04:23]} 55. Kb4 {[%clk 0:04:05]} Rd3 {[%clk 0:03:56]} 56.
Rb7+ {[%clk 0:03:55]} Rd7 {[%clk 0:03:26]} 57. Nd6+ {[%clk 0:02:25]} Kf8 {[%clk
0:03:04]} 58. Kc5 {[%clk 0:01:11]} Rxb7 {[%clk 0:03:21]} 59. Nxb7 {[%clk
0:01:40]} Ke7 {[%clk 0:02:04]} 60. Na5 {[%clk 0:01:18]} Kd8 {[%clk 0:02:07]} 61.
Nc6+ {[%clk 0:00:49]} Bxc6 {[%clk 0:02:02]} 62. Kxc6 {[%clk 0:01:15]} Kc8 {[%clk
0:02:25]} 63. Kd6 {[%clk 0:01:19]} Kb7 {[%clk 0:02:29]} 64. Ke6 {[%clk 0:01:38]}
Kb6 {[%clk 0:02:55]} 65. Kxf6 {[%clk 0:02:06]} Kxb5 {[%clk 0:03:21]} 66. Kxe5
{[%clk 0:00:56]} a5 {[%clk 0:03:09]} 67. Kd6 {[%clk 0:00:45]} a4 {[%clk 0:03:33]}
68. e5 {[%clk 0:01:12]} a3 {[%clk 0:04:00]} 69. e6 {[%clk 0:01:39]} a2 {[%clk
0:04:27]} 70. e7 {[%clk 0:02:08]} a1Q {[%clk 0:04:36]} 71. e8Q+ {[%clk 0:02:34]}
Kc4 {[%clk 0:04:12]} 72. Qe4+ {[%clk 0:01:27]} Kb3 {[%clk 0:04:14]} 73. Qd3+
{[%clk 0:01:12]} Kb4 {[%clk 0:04:20]} 74. Qd2+ {[%clk 0:01:26]} Kc4 {[%clk
0:04:07]} 75. Qd5+ {[%clk 0:01:11]} Kb4 {[%clk 0:04:35]} 76. Qc5+ {[%clk
0:00:56]} Kb3 {[%clk 0:04:58]} 77. Qxg5 {[%clk 0:00:34]} Qa6+ {[%clk 0:04:22]}
78. Ke5 {[%clk 0:00:48]} Qa5+ {[%clk 0:04:36]} 79. Kf6 {[%clk 0:00:47]} Qd8+
{[%clk 0:03:15]} 80. Kg6 {[%clk 0:01:12]} Qg8+ {[%clk 0:02:55]} 81. Kh5 {[%clk
0:01:30]} Qf7+ {[%clk 0:03:03]} 82. Qg6 {[%clk 0:01:36]} Qxf3 {[%clk 0:03:26]}
83. Qf5 {[%clk 0:01:23]} Qd1 {[%clk 0:02:57]} 84. Qe6+ {[%clk 0:00:58]} Kb2
{[%clk 0:03:06]} 85. Kh6 {[%clk 0:00:47]} Qh1+ {[%clk 0:03:18]} 86. Kg6 {[%clk
0:01:03]} Qd1 {[%clk 0:01:54]} 87. g5 {[%clk 0:01:27]} Qc2+ {[%clk 0:01:50]} 88.
Kg7 {[%clk 0:01:40]} Qc7+ {[%clk 0:01:11]} 89. Qf7 {[%clk 0:01:58]} Qg3 {[%clk
0:01:15]} 90. g6 {[%clk 0:02:18]} Kb1 {[%clk 0:01:40]} 91. Qf5+ {[%clk 0:02:14]}
Ka2 {[%clk 0:02:03]} 92. Qa5+ {[%clk 0:02:17]} Kb1 {[%clk 0:02:17]} 93. Qb6+
{[%clk 0:02:26]} Ka2 {[%clk 0:02:40]} 94. Kg8 {[%clk 0:02:20]} Qe5 {[%clk
0:02:35]} 95. Qa7+ {[%clk 0:01:52]} Kb1 {[%clk 0:02:57]} 96. Qb7+ {[%clk
0:02:08]} Ka2 {[%clk 0:03:18]} 97. Qf7+ {[%clk 0:02:13]} Kb1 {[%clk 0:03:41]} 98.
Qf1+ {[%clk 0:02:26]} Ka2 {[%clk 0:04:05]} 99. g7 {[%clk 0:02:28]} Qe4 {[%clk
0:02:33]} 100. Qa6+ {[%clk 0:01:47]} Kb1 {[%clk 0:02:49]} 101. Qf1+ {[%clk
0:01:05]} Ka2 {[%clk 0:03:13]} 102. Qf2+ {[%clk 0:01:22]} Kb1 {[%clk 0:03:29]}
103. Qg1+ {[%clk 0:01:43]} Ka2 {[%clk 0:03:53]} 104. Qh2+ {[%clk 0:02:08]} Kb1
{[%clk 0:04:17]} 105. Qh7 {[%clk 0:02:29]} 1-0